Ngày xưa có một con bò... : Câu chuyện ngụ ngôn sẽ tạo bước đột phá cho cuộc sống của chúng ta = Once upon a cow

Thông qua câu chuyện ngụ ngôn về một con bò, tác giả đưa ra một nhãn quan mới để nhìn lại những lời biện bạch, những lý lẽ bào chữa, những nỗi sợ hãi và những niềm tin hạn hẹp vốn hình thành trong đầu một cách vô thức của mỗi người...

全面介绍

Đã lưu trong:
书目详细资料
主要作者: Cruz, Camilo
格式: 图书
语言:Undetermined
出版: Thành phố Hồ Chí Minh Trẻ 2014
主题:
标签: 添加标签
没有标签, 成为第一个标记此记录!
Thư viện lưu trữ: Trung tâm Học liệu Trường Đại học Cần Thơ
LEADER 01336nam a2200229Ia 4500
001 CTU_196680
008 210402s9999 xx 000 0 und d
020 |c 46000 
082 |a 158.1 
082 |b C955 
100 |a Cruz, Camilo 
245 0 |a Ngày xưa có một con bò... : 
245 0 |b Câu chuyện ngụ ngôn sẽ tạo bước đột phá cho cuộc sống của chúng ta = Once upon a cow 
245 0 |c Camilo Cruz ; Nguyễn Hoàng Yến Phương dịch 
260 |a Thành phố Hồ Chí Minh 
260 |b Trẻ 
260 |c 2014 
520 |a Thông qua câu chuyện ngụ ngôn về một con bò, tác giả đưa ra một nhãn quan mới để nhìn lại những lời biện bạch, những lý lẽ bào chữa, những nỗi sợ hãi và những niềm tin hạn hẹp vốn hình thành trong đầu một cách vô thức của mỗi người, đồng thời khuyến khích niềm tin vào khả năng bản thân để có thể vượt lên hoàn cảnh và thành công trong cuộc sống 
650 |a Success,Thành công 
650 |x Psychological aspects,Khía cạnh tâm lý 
904 |i Hải 
980 |a Trung tâm Học liệu Trường Đại học Cần Thơ